Rat race. (Record no. 1449)

MARC details
000 -LEADER
fixed length control field 00691cam a2200265 4500
005 - DATE AND TIME OF LATEST TRANSACTION
control field 20260322212100.0
008 - FIXED-LENGTH DATA ELEMENTS--GENERAL INFORMATION
fixed length control field data
010 ## - LIBRARY OF CONGRESS CONTROL NUMBER
LC control number 73577959
015 ## - NATIONAL BIBLIOGRAPHY NUMBER
National bibliography number B70-25538
020 ## - INTERNATIONAL STANDARD BOOK NUMBER
International Standard Book Number 0854562567
020 ## - INTERNATIONAL STANDARD BOOK NUMBER
International Standard Book Number 9780854562565
040 ## - CATALOGING SOURCE
Original cataloging agency DLC
Transcribing agency DLC
Modifying agency DLC
-- OCoLC
-- DLC
050 00 - LIBRARY OF CONGRESS CALL NUMBER
Classification number PR6056.R27
Item number Rat
Classification number PR6056.R27
082 00 - DEWEY DECIMAL CLASSIFICATION NUMBER
Classification number 823/.9/14
001 - CONTROL NUMBER
control field data
100 1# - MAIN ENTRY--PERSONAL NAME
Personal name Francis, Dick.
245 10 - TITLE STATEMENT
Title Rat race.
Statement of responsibility, etc. Dick Francis.
250 ## - EDITION STATEMENT
Edition statement Large print edition.
260 ## - PUBLICATION, DISTRIBUTION, ETC.
Place of publication, distribution, etc. Leicester, U.K. :
Name of publisher, distributor, etc. Ulverscroft,
Date of publication, distribution, etc. 1970.
300 ## - PHYSICAL DESCRIPTION
Extent 365 p.
Dimensions 21 cm.
350 ## - PRICE (NR) (BK AM CF MU VM SE) [OBSOLETE]
Price 30/-
650 #0 - SUBJECT ADDED ENTRY--TOPICAL TERM
Topical term or geographic name entry element Horse racing
General subdivision Fiction.
655 #7 - INDEX TERM--GENRE/FORM
Genre/form data or focus term Detective and mystery stories.
Source of term gsafd
655 #7 - INDEX TERM--GENRE/FORM
Genre/form data or focus term Adventure stories.
Source of term gsafd
Holdings
Withdrawn status Lost status Damaged status Not for loan Home library Current library Shelving location Date acquired Total checkouts Full call number Barcode Date last seen Price effective from Koha item type
        Fairfield Fairfield General stacks 22/03/2026   823/.9/14 BC0011496 22/03/2026 22/03/2026 Books